000 00990nam a22002177a 4500
003 OSt
005 20170720105405.0
008 130611b2008 slv spa
040 _aBMC
_cCRI
082 _a378.0077284
082 _a510.375
110 2 _91064
_aUniversidad Católica de El Salvador
245 1 0 _aPlan de estudios
_bTecnico en Gestión y Desarollo Turistico 2015
_cUniversidad Católica de El Salvador
260 _aIlobasco
_bUniversidad Católica de El Salvador CRI
_c2015
300 _a305 p.
_b28 cm
500 _aEjemp. fotocopiado y enc. en pasta dura
594 _1En la port.: con sello de la Dirección Nacional de Educación Superior referente a la aprobación del plan de estudio: acuerdo ejecutivo Nº 15-0883, de fecha 12-05-2008, Diario Oficial Nº 132 de 12-05-2008, tomo 380
610 0 0 _99274
_aUniversidad Católica de El Salvador
_bDirección de Investigación
650 2 4 _919283
_aMatemáticas
_vProgramas de estudio
942 _2ddc
_cBK
_hprozim
999 _c26680
_d26680